| 000 | 01232cab a2200205 i 4500 | ||
|---|---|---|---|
| 001 | 768714001 | ||
| 003 | CO-MdFUSB | ||
| 005 | 20230410162441.0 | ||
| 008 | 220312b GT ||||| |||| 00| 0 spa d | ||
| 022 | _a1014-9341 | ||
| 040 |
_aCO-MdFUSB _bspa _cCO-MdFUSB _dCO-MdFUSB |
||
| 041 | _aspa | ||
| 100 |
_aRoberts, Robert C, _eAutor |
||
| 245 |
_aGratitud : _buna emoción-virtud cristiana _c/ Robert C. Roberts |
||
| 300 |
_aNúmero 43 (Julio - Diciembre, 2008), páginas 111-132 _c; 23 cm |
||
| 520 | _aLa gratitud es una percepción interesada de la situación de uno en términos de tres elementos: Un beneficio libremente dado, uno mismo como beneficiario y un benefactor. Para que haya gratitud el beneficiario tiene que considerar que el beneficio es deseable y el benefactor actúa con motivos benévolos. La transición crea una deuda que el beneficiario paga sintiendo y expresando gratitud al benefactor. Podemos dar gracias en todo si reconocemos que los bienes transitorios no son el don central, sino la redención de Cristo | ||
| 650 | 7 |
_9364 _aGracia (Teología) |
|
| 773 |
_049489 _980008 _tGratitud: Una emoción-virtud cristiana _gNúmero 43 (Julio - Diciembre, 2008), páginas 111-132 _qpáginas 111 |
||
| 942 | _cANA | ||
| 999 |
_c67467 _d67467 |
||